| 000 | 00656nam a2200241Ia 4500 | ||
|---|---|---|---|
| 003 | OSt | ||
| 005 | 20220925211303.0 | ||
| 006 | a|||||r|||| 00| 0 | ||
| 007 | ta | ||
| 008 | 220923b |||||||| |||| 00| 0 eng d | ||
| 037 | _cGeneral Book | ||
| 040 |
_aRTL _cRTL _beng |
||
| 041 |
_2eng _aeng |
||
| 082 | _aY15-49.2.N8, M4 | ||
| 100 |
_aTalwar Usha _9274276 |
||
| 245 | 0 | _aSocial profile of working woman | |
| 260 |
_aJodhpur _bJain Brothers _c1984 |
||
| 300 |
_a252p _ccm. |
||
| 500 | _aBibliography: p 236-249 | ||
| 650 | _aWorking Women | ||
| 942 |
_hY15-49.2.N8, M4 _cGB _2CC |
||
| 999 |
_c557240 _d557240 |
||